000 00493nam a2200193Ia 4500
005 20250326125748.0
008 250326s9999 xx 000 0 und d
037 _aTextbook
040 _aFMSL
_beng
_cFMSL
041 _aeng
_2eng
084 _aX:9 N4
_qFMSL
100 _aJucius M J
_9125860
245 0 _aPersonnel management
_cJucius M J
250 _a5
260 _aIllinois
_bIllinois, Irwin
_c1964
300 _a700p
942 _cTB
_hX:9 N4
999 _c1279456
_d1279456